Διηγήματα της στάνης

Saved in:
Bibliographic Details
Main Author: Χρηστοβασίλης, Χρήστος, 1862-1937
Format: Book
Language:Greek
Published: Αθήνα : Νεφέλη, 1988.
Series:Πεζογραφική μας παράδοση. ; 22
Subjects:
Tags: Add Tag
No Tags, Be the first to tag this record!

MARC

LEADER 00000cam a2200000 i 4500
001 1/103486
008 000301s1988 gr | ||| |||| ||gre||
020 |a 9602110309 
035 |l 10058487 
040 |a GR-MY-UA  |b gre  |e aacr 
041 0 |a gre 
082 7 |a 889.32   |2 (22) 
100 1 |a Χρηστοβασίλης, Χρήστος,  |d 1862-1937. 
245 1 0 |a Διηγήματα της στάνης /   |c Χρήστος Χρηστοβασίλης.  
260 |a Αθήνα :   |b Νεφέλη,   |c 1988.  
300 |a 174 σ. ;   |c 21 εκ.  
490 1 |a (Πεζογραφική μας παράδοση. Σειρά Α' / Εκδόσεις Νεφέλη ;   |v  22) 
650 0 0 |a Short stories, Greek (Modern) 
650 0 0 |a Greek literature, Modern. 
830 0 |a Πεζογραφική μας παράδοση.   |n Σειρά Α' (Εκδόσεις Νεφέλη)  |v  ; 22 
852 |a INST  |b LESVOS  |e 20000301  |h 889.32 ΧΡΗ  |p 005100023813  |q 005100023813  |t BK  |y 0 
901 |a BIBL1-2000-1 
909 |a Λ  |b 073514 
922 |a 1ΕΛΗ  |b 199912  |c ΚΠΣ/ΤΚΑ  |d EMVASIS 
950 |a 117-1999-12-16 
970 |a ΤΖΑΦΕΡΗ  |b ΕΥΑΓΓΕΛΙΑ  |z 2000/03/06